Geography Quiz

Random Geography or State Quiz

R.O.C.K. in the U.S.A. Quiz Stats

 Plays Quiz Updated Dec 8, 2017

Score 0/19 Timer 04:00
0 Plays Today
% Correct
Kansas
90.6%
California
88.5%
Oregon
86.6%
Ohio
86.6%
Kentucky
86.3%
Rhode Island
85.7%
Oklahoma
84.6%
Colorado
81.6%
Connecticut
79.6%
Oklahoma City, Oklahoma
65.4%
% Correct
Columbus, Ohio
64.2%
Raleigh, North Carolina
63.2%
Carson City, Nevada
59.8%
Columbia, South Carolina
57.7%
Charleston, West Virginia
56.4%
Richmond, Virginia
56%
Olympia, Washington
49.7%
Cheyenne, Wyoming
48.8%
Concord, New Hampshire
47.1%

You're not logged in!

Compare scores with friends on all Sporcle quizzes.
OR
Log In

Sporcle TV

Today on Sporcle TV


Watch our educational content, quiz creation guides, and fun videos on Sporcle TV.

Show Comments

Extras

Top Quizzes Today


Score Distribution

Your Account Isn't Verified!

In order to create a playlist on Sporcle, you need to verify the email address you used during registration. Go to your Sporcle Settings to finish the process.

Report this User

Report this user for behavior that violates our Community Guidelines.

Details: